| 000 | 01042cam a2200265 4500 | ||
|---|---|---|---|
| 001 | ABS61309 | ||
| 008 | 000000n1999 000 0 eng u | ||
| 035 | _a(Sirsi) u100774 | ||
| 100 | _aWinter, J. | ||
| 245 | 4 | _aThe archaic language of bonds can be hazardous | |
| 260 | _c1999 | ||
| 490 |
_aConstruction News _v(6634) 23 September 1999, 21(1) |
||
| 520 | _aAdvises that care and attention is taken both in drafting performance bonds and in making claims under them. Uses case law to illustrate that failure to do so might prove costly. | ||
| 590 | _aABS | ||
| 650 | _aPERFORMANCE BONDS | ||
| 650 | _aDRAFTING | ||
| 650 | _aPAYMENT | ||
| 650 | _aPADDINGTON CHURCHES HOUSING ASSOCIATION V TECHNICAL AND GENERAL GUARANTEE | ||
| 650 | _aDE VERE HOTELS LTD V AEGON INSURANCE CO (UK) LTD | ||
| 650 | _aTOWER HOUSING ASSOCIATION V TECHNICAL AND GENERAL GUARANTEE | ||
| 650 | _aPERAR BV V GENERAL SURETY AND GUARANTEE COMPANY | ||
| 650 | _aBUILT ENVIRONMENT-BUILDING CONTRACT FORMS | ||
| 690 | _aBUILT ENVIRONMENT | ||
| 942 | _n0 | ||
| 999 |
_c60231 _d60231 |
||